00445nam a2200133Ia 4500008004100000100001800041245008700059245001800146260005300164260000900217300000900226650001500235856006100250170221s9999 xx 000 0 und d aTarek BEN ALI aExplaining the intent to start a business among Saudi Arabian University Students  cTarek BEN ALI bInternational Review of Management and Marketing c2016 a15 : xMarketing. uhttp://www.econjournals.com/index.php/irmm/issue/view/72